000 00517nam a2200193Ia 4500
008 140626s9999 xx 000 0 und d
100 _aAzmawati, Azwan Azwan.
245 _aMedia and gender in Malaysia :
_b an endless battle /
_c Azwan Azwan.Azmawati
260 _cc2013.
300 _a40 : 3, page 211
440 _aMedia Asia
521 _aMC
650 _aCommunication.
650 _aEconomic system.
650 _aGender battle.
650 _aMalaysia.
650 _aPolitical system.
942 _cSE
999 _c121204
_d121204